| 000 | 00000nam 2200000zi 4500 |
| 001 | 9.893421 |
| 003 | CaOODSP |
| 005 | 20230428090909 |
| 006 | m o d f |
| 007 | cr |n||||||||| |
| 008 | 201109e198103##onc|||| ob f00| 0|eng d |
| 040 | |aCaOODSP|beng|erda|cCaOODSP |
| 043 | |an-cn--- |
| 086 | 1 |aRG86-8/1981E-PDF |
| 245 | 02|aA study to determine the effect of changing technologies in the field of volumetric measurement / |cprepared by R.L. Walkers and Partners Limited. |
| 264 | 1|a[Ottawa] : |bConsumer and Corporate Affairs Canada, |cMarch 1981. |
| 300 | |a1 online resource (28, [1] pages) |
| 336 | |atext|btxt|2rdacontent |
| 337 | |acomputer|bc|2rdamedia |
| 338 | |aonline resource|bcr|2rdacarrier |
| 500 | |aDigitized edition from print [produced by Innovation, Science and Economic Development Canada]. |
| 504 | |aIncludes bibliographical references (page [1]). |
| 650 | 0|aVolumetric apparatus. |
| 650 | 0|aWeights and measures|zCanada. |
| 650 | 6|aAppareils volumétriques. |
| 650 | 6|aPoids et mesures|zCanada. |
| 710 | 1 |aCanada. |bConsumer and Corporate Affairs Canada, |eissuing body. |
| 710 | 1 |aR.L. Walkers and Partners Limited, |econsultant. |
| 856 | 40|qPDF|s1.12 MB|uhttps://publications.gc.ca/collections/collection_2023/isde-ised/RG86-8-1981-eng.pdf |